00578nam a2200157 a 4500008004100000050002400041110005700065245012700122260004000249300001800289350000900307650003300316650002500349650002400374650002200398090930s2000 ||||||||||||||||| || u aUN-ECA(058)ERA/2000 aUnited Nations Economic Commission For Africa(UNECA)10aTransforming Africa's economies : economic report on Africa 2000cby United Nations Economic Commission on Africa (UN-ECA) aAddis Ababa :bUNITED NATIONSc2000 aix, 85p. ;ill a0.00 aECONOMIES, AFRICAN ECONOMIES aTRANSITION ECONOMIES aREFORMING ECONOMIES aAFRICAN ECONOMIES